MARC

LEADER 00000nam0a2200000 4500
001 115898
005 20231031122950.0
035 |a (RuTPU)RU\TPU\book\125391 
090 |a 115898 
100 |a 20070515d1978 m y0rusy50 ca 
101 0 |a rus 
102 |a RU 
105 |a a j 001zy 
200 1 |a Электропривод одноковшовых экскаваторов  |e учебное пособие  |f А. С. Соловьев, В. С. Соловьев  |g Ленинградский горный институт им. Г. В. Плеханова (ЛГИ) 
210 |a Ленинград  |c Изд-во ЛГИ  |d 1978 
215 |a 94 с.  |c ил. 
320 |a Библиогр.: с. 91-92. 
610 1 |a одноковшовые экскаваторы 
610 1 |a электроприводы 
610 1 |a силовые преобразователи 
610 1 |a расчеты 
610 1 |a характеристики 
610 1 |a динамика 
610 1 |a учебные пособия 
675 |a 621.879(075.8)  |v 3 
700 1 |a Соловьев  |b А. С.  |g Александр Сергеевич 
701 1 |a Соловьев  |b В. С.  |g Виктор Сергеевич 
712 0 2 |a Ленинградский горный институт им. Г. В. Плеханова (ЛГИ)  |2 stltpush  |3 (RuTPU)RU\TPU\col\1021 
801 1 |a RU  |b 63413507  |c 20070515  |g PSBO 
801 2 |a RU  |b 63413507  |c 20151116  |g PSBO 
942 |c BK